Largest Oceanic Cities with Exceptions - Statistics

General Stats
  • This quiz has been taken 17 times
  • The average score is 7 of 15
Answer Stats
Population Answer % Correct
364,145 Port Moresby
100%
87,000 Suva
100%
40,407 Apia
88%
35,901 Port Vila
75%
84,520 Honiara
69%
40,311 Tarawa
56%
42,284 Nadi
38%
179,509 Nouméa
38%
136,771 Papeete
38%
100,667 Lae
19%
52,500 Lautoka
19%
48,220 Saipan
19%
33,623 Mount Hagen
13%
40,266 Arawa
6%
44,993 Dededo Village
0%
No matching quizzes found
Score Distribution
Percent of People with Each Score
Percentile by Number Answered
Your Score History
You have not taken this quiz